Geografía política del exilio chileno: los diferentes rostros de la solidaridad /
En el siguiente artículo se abordan los diferentes escenarios geográficos, políticos y culturales en que el exilio chileno se instaló y actuó como un relevante actor político a lo largo de casi veinte años. Se han elegido un conjunto de regiones y países que han tenido una especial relevancia por el...
שמור ב:
| מחבר ראשי: | |
|---|---|
| מחברים אחרים: | |
| פורמט: | Texto |
| נושאים: | |
| תגים: |
הוספת תג
אין תגיות, היה/י הראשונ/ה לתייג את הרשומה!
|
MARC
| LEADER | 00000 a a2200000 04500 | ||
|---|---|---|---|
| 001 | 46260 | ||
| 003 | |||
| 040 | |||
| 100 | |a Rojas Mira, Claudia | ||
| 245 | |a Geografía política del exilio chileno: |b los diferentes rostros de la solidaridad / |c Claudia Rojas Mira, Alessandro Santoni | ||
| 520 | |a En el siguiente artículo se abordan los diferentes escenarios geográficos, políticos y culturales en que el exilio chileno se instaló y actuó como un relevante actor político a lo largo de casi veinte años. Se han elegido un conjunto de regiones y países que han tenido una especial relevancia por el contingente de emigrantes políticos activos, por su papel en la acción internacional de solidaridad y denuncia y por el impacto que los acontecimientos chilenos, a partir de la elección de Salvador Allende en 1970, tuvieron sus respectivas realidades. | ||
| 590 | |a RRH/MAYO2014 | ||
| 650 | |a 1. EXILIO | ||
| 650 | |a 2. ESTADO | ||
| 650 | |a 3. CONFLICTOS SOCIALES | ||
| 650 | |2 Macrothesaurus de la OCDE |a 4. SOCIALISMO | ||
| 650 | |a 5. GOLPES DE ESTADO | ||
| 650 | |a 6. IMPERIALISMO | ||
| 650 | |a 7. CHILE | ||
| 700 | |a Santoni, Alessandro | ||
| 773 | |g volumen21, número41 ( , 2013), páginas 123-142 | ||
| 999 | |c 31806 |d 31806 | ||
